América Latina en la era de la globalización /

Na minha lista:
Detalhes bibliográficos
Autor principal: Rivera Gómez, Audrey
Formato: Texto
Assuntos:
Tags: Adicionar Tag
Sem tags, seja o primeiro a adicionar uma tag!

MARC

LEADER 00000 a a2200000 04500
001 5309
003
040
100 |a Rivera Gómez, Audrey  
245 |a América Latina en la era de la globalización /  |c Audrey Rivera Gómez 
650 |a COMERCIO  
650 |a COMERCIO INTERNACIONAL  
650 |a INTEGRACION ECONOMICA  
650 |a REFORMAS ARANCELARIAS  
650 |a REFORMAS ARANCELARIAS  
650 |a BARRERAS ARANCELARIAS  
773 |g número 286; páginas 7-17  
999 |c 34431  |d 34431